[Vývoj poistného trhu krajín Vyšehradskej štvorky v období 1995-2007]

Recenzia na monografiu, ktorá prehľadným spôsobom porovnáva vývoj poisťovníctva v rámci krajín Vyšehradskej štvorky. Kniha je členená do piatich kapitol.

Gespeichert in:
Bibliographische Detailangaben
1. Verfasser: Bačová, Monika
Format: Buchkapitel
Sprache:Slowakisch
Schlagworte:
Tags: Tag hinzufügen
Keine Tags, Fügen Sie das erste Tag hinzu!

MARC

LEADER 00000naa$a2200000$$$4500
001 0105371
005 20240502072149.5
041 0 |a slo 
044 |a SK 
245 1 0 |a [Vývoj poistného trhu krajín Vyšehradskej štvorky v období 1995-2007]  |c Monika Bačová 
520 |a Recenzia na monografiu, ktorá prehľadným spôsobom porovnáva vývoj poisťovníctva v rámci krajín Vyšehradskej štvorky. Kniha je členená do piatich kapitol. 
610 2 0 |a krajiny tranzitívne 
610 2 0 |a trh poistný 
610 2 0 |a poisťovníctvo 
610 2 0 |a recenzie 
100 1 |a Bačová, Monika